000 00688nam a2200265Ia 4500
003 OSt
005 20221005041916.0
006 a|||||r|||| 00| 0
007 ta
008 221004b |||||||| |||| 00| 0 hin d
020 _a8185616086
024 _a23901
037 _cTextual
040 _aCRL
_cCRL
_bhin
041 _2hin
_ahin
082 _aO15,1NSHx, N2
100 _aSharma Ram Karan
245 0 _aDipika
260 _aDelhi
_bSharda Publishing House India
_c1992
300 _a176p.
_ccm.
650 _a ENGLISH LITERATURE
650 _aSANSKRIT POETRY
_9155567
942 _hO15,1NSHx, N2
_cTEXL
_2cc
999 _c949289
_d949289